000 01164nam0a22002531 4500
001 rc\1091250
005 20260407145409.0
035 _a(NLR Aleph) 006338070
090 _a7615380
_c7615380
100 _a20041126d1983 |||y0rusy50 ca
101 0 _arus
102 _aRU
105 _aa |||||||||
200 1 _aОценка прогнозных ресурсов скрытого эндогенного оруденения по данным геохимических работ
_eСб. науч. тр.
_fИн-т минералогии, геохимии и кристаллохимии ред. элементов
_g[Отв. ред. С.В. Григорян]
210 _aМ.
_cИМГРЭ
_d1983
215 _a113 с.
_cил.
_d20
320 _aБиблиогр. в конце ст.
702 1 _aГригорян
_bС.В.
_gСергей Вагаршакович
_4340
712 0 2 _aИнститут минералогии, геохимии и кристаллохимии редких элементов
_cМосква
_9541309
_3RU\NLR\AUTH\8810021717
801 0 _aRU
_bNLR
_gpsbo
801 1 _aRU
_bELAR
_2rusmarc
852 _aNLR
_j84-3/5722
942 _cBOOK
980 _aNB